El análisis de puestos (Registro nro. 8469)
[ vista simple ]
| 000 -Cabecera | |
|---|---|
| Campo de control de longitud fija | 00732nam a22002657a 4500 |
| 005 - Fecha y hora de la última transacción | |
| Campo de control | 20241113115922.0 |
| 008 - Elementos de longitud fija--Información general | |
| Campo de control de longitud fija | 161003b xxu||||| |||| 00| 0 spa d |
| 020 ## - International Standard Book Number | |
| Número Internacional Estándar del Libro (ISBN) | 9789681800734 |
| 041 ## - Idioma | |
| Código de idioma | |
| 082 ## - Clasificación Decimal Dewey | |
| Número de clasificación | 658.3 R457a |
| 100 ## - Entrada principal--Autor personal | |
| Nombre personal | Reyes Ponce, Agustín |
| 9 (RLIN) | 24384 |
| 245 ## - Título propiamente dicho | |
| Título | El análisis de puestos |
| 260 ## - Pie de imprenta | |
| Lugar de publicación, distribución, etc. | México |
| Nombre del editor, distribuidor, etc. | Limusa |
| Fecha de publicación, distribución, etc. | 2015 |
| 300 ## - Descripción física | |
| Extensión | 94 páginas |
| 650 ## - Materia general | |
| Temática (materia general) | RECURSOS HUMANOS |
| 650 ## - Materia general | |
| Temática (materia general) | ADMINISTRACIÓN PERSONAL |
| 650 ## - Materia general | |
| Temática (materia general) | SUELDOS Y SALARIOS |
| 650 ## - Materia general | |
| Temática (materia general) | TÉCNICA MODERNA DE ADMINISTRACIÓN |
| 650 ## - Materia general | |
| Temática (materia general) | ANÁLISIS DE PUESTOS |
| 650 ## - Materia general | |
| Temática (materia general) | DIVISIÓN DE FUNCIONES |
| 650 ## - Materia general | |
| Temática (materia general) | ADMINISTRACIÓN DE PERSONAL |
| 650 ## - Materia general | |
| Temática (materia general) | SELECCIÓN DE PERSONAL |
| 650 ## - Materia general | |
| Temática (materia general) | PUESTOS |
| 942 ## - Punto de acceso adicional KOHA | |
| Tipo de ítem KOHA | Libro |
| Fuente del sistema de clasificación o colocación | Dewey Decimal Classification |
| Signatura completa | Código de barras | Programa Académico | Tipo de ítem |
|---|---|---|---|
| 658.3 R457a | 21386 | Libro |